000 00800nas a2200253 4500
001 BR9904823
003 BR-BrBNA
005 20231205101608.0
007 ta
008 230509b bl.|||p| |||| 00| 00por d
040 _aBR-BrBNA
_bpor
_cBiblioteca Nacional de Agricultura
041 _a(Pt)
072 _aF02
100 1 _aLeite, G.B.U.
100 1 _aFinardi, N.L.
100 1 _aFortes, G.R.L.
245 1 _aEfeito da concentracao de BAP e ANA na multiplicacao "in vitro" da Pereira cv. Bartlett e do clone OH X F97
650 _aPera
650 _aMicropropagacao
650 _aRegulador de Crescimento
773 0 _tCiencia e Agrotecnologia (Brazil)
_xISSN 1413-7054
_g(Oct-Dec 1997), v. 21(4) p. 436-441
_wBR9904823
909 _a202311
_bLúcia
_c55
_dLúcia Elande
942 _2AGRIS
_n0
_cANA
999 _c162748
_d162748